Statistics for Guess the rapper by album

Click here to take the quiz!

General Stats

  • This quiz has been taken 41 times
  • The average score is 8 of 15

Answer Stats

AlbumArtist% Correct
To Pimp A ButterflyKendrick Lamar
85%
Straight Outta ComptonN.W.A
78%
Get Rich Or Die Tryin'50 Cent
76%
illmaticNas
76%
Ready To DieThe Notorious B.I.G
76%
Me Against The World2Pac
73%
The ChronicDr.Dre
68%
Curtain CallEminem
68%
Eazy-Duz-ItEazy-E
59%
The InfamousMobb Deep
32%
The Low End TheoryA Tribe Called Quest
27%
Black On Both SidesMos Def
17%
Moment Of TruthGang Starr
12%
The MasterRakim
10%
hip-hop is goodE-Dubble
5%

Score Distribution

Percentile by Number Answered

Percent of People with Each Score

Your Score History

You have not taken this quiz